000 00620nam a2200241Ia 4500
008 220216s9999 xx 000 0 und d
100 _aDey S.K
245 0 _aPerformance of RRII 429 in North East India: A Report
260 _bRubber Research Institute of India, Kottayam, India.
500 _aSource Year: 2019
650 _aNorth East India
650 _aRRII 429
700 _aAntony P.D
700 _aDas G
700 _aJacob J
700 _aMandal D
700 _aMeenakumari T
700 _aMydin K.K
700 _aReju M.J
700 _aSingh R
856 _uBibli details only
942 _cJS
999 _c64773
_d64773